Farmer fined in vole case (Record no. 71966)

MARC details
000 -LEADER
fixed length control field 00887cam a2200181 4500
001 - CONTROL NUMBER
control field WB3903-13
008 - FIXED-LENGTH DATA ELEMENTS--GENERAL INFORMATION
fixed length control field 030123n2002 000 0 eng u
035 ## - SYSTEM CONTROL NUMBER
System control number (Sirsi) u121106
245 ## - TITLE STATEMENT
Title Farmer fined in vole case
260 ## - PUBLICATION, DISTRIBUTION, ETC.
Date of publication, distribution, etc. 2002
490 ## - SERIES STATEMENT
Series statement English Nature Press Release
Volume/sequential designation (EN/02/61) 18 November 2002, (3)
520 ## - SUMMARY, ETC.
Summary, etc. A farmer has pleaded guilty to recklessly destroying shelter for endangered water voles on a drainage ditch running across his Wiltshire farm, in a landmark case under the amended Wildlife and Countryside Act. The farmer had ignored Environment Agency guidelines during work to widen a water course. He was fined £750 by a local magistrate. http://www.english-nature.org.uk/news/story.asp?ID=431
590 ## - LOCAL NOTE (RLIN)
Local note WB
650 ## - SUBJECT ADDED ENTRY--TOPICAL TERM
Topical term or geographic name entry element WILDLIFE AND COUNTRYSIDE ACT 1981
650 ## - SUBJECT ADDED ENTRY--TOPICAL TERM
Topical term or geographic name entry element COUNTRYSIDE AND RIGHTS OF WAY ACT 2000
690 ## - LOCAL SUBJECT ADDED ENTRY--TOPICAL TERM (OCLC, RLIN)
Topical term or geographic name as entry element Rural
9 (RLIN) 6268
942 ## - ADDED ENTRY ELEMENTS (KOHA)
Suppress in OPAC 0
Holdings
Withdrawn status Lost status Source of classification or shelving scheme Damaged status Not for loan Home library Current library Shelving location Date acquired Total Checkouts Full call number Barcode Date last seen Copy number Price effective from Koha item type
    Dewey Decimal Classification     London London News article 23/01/2003   WB3903-13 121106-1001 06/08/2019 1 06/08/2019 News article